| 000 -CABECERA |
| fixed length control field |
01939nam a22003257a 4500 |
| 003 - IDENTIFICADOR DEL NÚMERO DE CONTROL |
| control field |
AR-CdUCM |
| 008 - DATOS DE LONGITUD FIJA--INFORMACIÓN GENERAL |
| fixed length control field |
190425b ||||| |||| 00| 0 spa d |
| 040 ## - FUENTE DE LA CATALOGACIÓN |
| Agencia/entidad que catalogó originalmente la obra |
MUNICIPALIDAD PROVINCIAL DEL CUSCO |
| Entidad que transcribió la catalogación |
BIBLIOTECA MUNICIPAL DEL CUSCO |
| 082 ## - NÚMERO DE LA CLASIFICACIÓN DECIMAL DEWEY |
| No. de Clasificación |
Rev.Allp/N°4/1972 |
| 110 ## - ENTRADA PRINCIPAL--NOMBRE DE ENTIDAD CORPORATIVA |
| Nombre de la institución, jurisdicción como entrada principal |
Instituto de Pastoral Andina |
| 9 (RLIN) |
12766 |
| 245 ## - MENCIÓN DE TÍTULO |
| Título |
Allpanchis Phuturinqa : |
| Resto del título |
Revista Anual / |
| 260 ## - PUBLICACIÓN, DISTRIBUCIÓN, ETC. |
| Lugar de publicación, distribución, etc. |
Cusco : |
| Nombre de la editorial, distribuidor, etc. |
Universo, |
| Fecha de publicación, distribución, etc. |
1972. |
| 300 ## - DESCRIPCIÓN FÍSICA |
| Nº de Páginas Extensión |
201 páginas. : |
| Otros detalles físicos |
ilustraciones ; |
| Dimensiones |
20 cm. |
| 440 ## - MENCIÓN DE SERIE/PUNTO DE ACCESO ADICIONAL--TÍTULO |
| Título |
Revista del Instituto de Pastoral Andina Cusco |
| Número de la parte/sección de una obra |
Año [ ], [ ] semestre de 1972, N°4. Vol. IV |
| 9 (RLIN) |
46179 |
| 505 ## - NOTA DE CONTENIDO CON FORMATO |
| Nota de contenido formateada |
Contenido: Familia y ciclo vital en los andes. -- La familia campesina y el cosmos sagrado. Thomas M. Garr. -- Ciclo vital en Sayllapata. Zulma Zamalloa Gonzales. -- El matrimonio indígena. Carlos Vivanco Flores. -- Costumbres y ritos aymaras. Guillermo Allen. -- La mortalidad en Chia. Gian Louis Christinant. -- Unión familiar y salud. Inocencio Salazar Recio. -- La mujer campesina Aymara. Domingo LLanque Chana. -- Intercambio de mujeres y estructuras familiares. Henrique Urbano. -- La reciprocidad como ethos de la cultura quechua. Daisy Núñez del Prado. -- Reflexión teológico pastoral. -- El problema de la fe explicita y de la incorporación a la iglesia en la teología de la colonia. -- Metodología. -- Investigación socio religiosa y pastoral. Manuel Marzal. |
| 650 ## - PUNTO DE ACCESO ADICIONAL DE MATERIA--TÉRMINO DE MATERIA |
| Descriptor |
Cultura andina |
| 9 (RLIN) |
46160 |
| 650 ## - PUNTO DE ACCESO ADICIONAL DE MATERIA--TÉRMINO DE MATERIA |
| Descriptor |
Antropología cusqueña |
| 9 (RLIN) |
45862 |
| 650 ## - PUNTO DE ACCESO ADICIONAL DE MATERIA--TÉRMINO DE MATERIA |
| Descriptor |
Religiosidad andina |
| 9 (RLIN) |
44127 |
| 650 ## - PUNTO DE ACCESO ADICIONAL DE MATERIA--TÉRMINO DE MATERIA |
| Descriptor |
Constumbres y tradiciones |
| 9 (RLIN) |
46161 |
| 650 ## - PUNTO DE ACCESO ADICIONAL DE MATERIA--TÉRMINO DE MATERIA |
| Descriptor |
Ritos andinos |
| 9 (RLIN) |
6634 |
| 700 ## - PUNTO DE ACCESO ADICIONAL--NOMBRE DE PERSONA |
| Nombre Personal |
Marzal, Manuel |
| 9 (RLIN) |
46162 |
| 700 ## - PUNTO DE ACCESO ADICIONAL--NOMBRE DE PERSONA |
| Nombre Personal |
Vivanco Flores, Carlos |
| 9 (RLIN) |
46171 |
| 700 ## - PUNTO DE ACCESO ADICIONAL--NOMBRE DE PERSONA |
| Nombre Personal |
Urbano, Henrique |
| 9 (RLIN) |
2078 |
| 700 ## - PUNTO DE ACCESO ADICIONAL--NOMBRE DE PERSONA |
| Nombre Personal |
Llanque Chana, Domingo |
| 9 (RLIN) |
46163 |
| 700 ## - PUNTO DE ACCESO ADICIONAL--NOMBRE DE PERSONA |
| Nombre Personal |
Núñez del Prado, Daisy |
| 9 (RLIN) |
46180 |
| 700 ## - PUNTO DE ACCESO ADICIONAL--NOMBRE DE PERSONA |
| Nombre Personal |
Zamalloa Gonzales, Zulma |
| 9 (RLIN) |
46181 |
| 942 ## - ELEMENTOS DE PUNTO DE ACCESO ADICIONAL (KOHA) |
| Fuente de clasificación |
|
| Tipo de item |
Revistas cusqueñas |
| 945 ## - PROCESAMIENTO DE INFORMACIÓN LOCAL (OCLC) |
| Catalogador |
rac |